Jampa:the story of racism in Tibet (Record no. 223334)
[ view plain ]
| 000 -LEADER | |
|---|---|
| fixed length control field | 00652nam a22002057a 4500 |
| 005 - DATE AND TIME OF LATEST TRANSACTION | |
| control field | 20220610152233.0 |
| 008 - FIXED-LENGTH DATA ELEMENTS--GENERAL INFORMATION | |
| fixed length control field | 220610b ||||| |||| 00| 0 eng d |
| 020 ## - INTERNATIONAL STANDARD BOOK NUMBER | |
| International Standard Book Number | 1879245205 |
| 040 ## - CATALOGING SOURCE | |
| Transcribing agency | AL |
| 041 ## - LANGUAGE CODE | |
| Language code of text/sound track or separate title | English |
| 082 ## - DEWEY DECIMAL CLASSIFICATION NUMBER | |
| Edition number | 23 |
| Classification number | 305.8009515 |
| Item number | INTJ |
| 100 ## - MAIN ENTRY--PERSONAL NAME | |
| Personal name | International campaign for tibet |
| 100 ## - MAIN ENTRY--PERSONAL NAME | |
| 9 (RLIN) | 41812 |
| 245 ## - TITLE STATEMENT | |
| Title | Jampa:the story of racism in Tibet |
| 260 ## - PUBLICATION, DISTRIBUTION, ETC. | |
| Place of publication, distribution, etc. | Washington |
| Name of publisher, distributor, etc. | International Campaign for tibet |
| Date of publication, distribution, etc. | 2001 |
| 300 ## - PHYSICAL DESCRIPTION | |
| Extent | 110 p. |
| Other physical details | PB |
| Dimensions | 23x15 cm. |
| 365 ## - TRADE PRICE | |
| Currency code | $ |
| Unit of pricing | $5.00 |
| 650 ## - SUBJECT ADDED ENTRY--TOPICAL TERM | |
| Topical term or geographic name entry element | Prepared for the United Nations World Conference against Racism |
| 9 (RLIN) | 41813 |
| 700 ## - ADDED ENTRY--PERSONAL NAME | |
| Personal name | INTERNATIONAL CAMPAIGN FOR TIBET |
| 9 (RLIN) | 41814 |
| 942 ## - ADDED ENTRY ELEMENTS (KOHA) | |
| Source of classification or shelving scheme | Dewey Decimal Classification |
| Koha item type | George Fernandes Collections |
| Withdrawn status | Lost status | Source of classification or shelving scheme | Damaged status | Not for loan | Collection code | Home library | Current library | Date acquired | Total Checkouts | Full call number | Barcode | Date last seen | Price effective from | Koha item type |
|---|---|---|---|---|---|---|---|---|---|---|---|---|---|---|
| Dewey Decimal Classification | Political Science | St Aloysius Library | St Aloysius Library | 03/23/2013 | 305.8009515 INTJ | GF03253 | 06/10/2022 | 06/10/2022 | George Fernandes Collections |